LEADER 01180nam a2200289 a 4500 001 000000172219 003 CaOOAMICUS 005 20190704151309.0 008 190704s2018 fr 000 0 fre r 020 $z978-2-204-12944-2 032 $aLibriCat 040 $aPUL$bita 100 1 $aPénicaud, Anne.$0(OLS)http://pul/name/87068 245 13$aLa lecture, chemin d'alliance :$bdes Philippiens d'hier à ceux d'aujourd'hui /$cAnne Pénicaud. 260 $aParis :$bCerf,$c2018. 300 $a645 p. ;$c22 cm. 490 1 $aLectio divina ;$v272 504 $aContiene riferimenti bibliografici 650 4$aAlleanza (teologia).$0(OLS)http://pul/subject/10227 830 0$aLectio divina ;$v272.$0(OLS)http://pul/title/3461 850 $aPUL 852 $aPUL$W1$xSL Religione 1$y3$m9 I 272$j196156$qStampati$B200907$CPULBib$Z2$F200907 $H132975 $82 941 1 $a8 996 $6020$z978-2-204-12944-2$9(OLS)http://pul/number/166346 996 $6245$aLa lecture, chemin d'alliance :$bdes Philippiens d'hier à ceux d'aujourd'hui$9(OLS)http://pul/title/213131 996 $6260$aParis :$bCerf$9(OLS)http://pul/publisher/48238 LEADER 01555namaa2200349 i 4500 001 000000177963 003 CaOOAMICUS 005 20250729120502.0 008 250729s2025 it a u001 u ita r 020 $a979-12-205-0389-1* 032 $aLibriCat 040 $aPUL$bita 082 00$a945.803 100 1 $aCondorelli, Orazio,$d1966-,$eautore.$0(OLS)http://pul/name/69141 245 10$aTrittico siciliano :$bdiritto, religione e sovranità nel Regno di Sicilia in età normanno-sveva /$cOrazio Condorelli. 260 $aCosenza :$bPellegrini,$c2025. 300 $a205 pagine :$billustrazioni ;$c24 cm 336 $atesto$btxt$2rdacontent 337 $asenza mediazione$bn$2rdamedia 338 $avolume$bnc$2rdacarrier 490 1 $aDiritto e religioni ;$v45 504 $aBibliografia in nota a piè pagina. 651 4$aItalia meridionale$xStoria$ySec. XI-XII.$0(OLS)http://pul/subject/44534 830 0$aDiritto e religioni ;$v45.$0(OLS)http://pul/title/137314 850 $aPUL 852 $aPUL$W1$xSL Diritto e Scienze Sociali 3$y79$m342. 0852 COLL 1.45$j201903$qDDC 21$B206952$CPULBib$Z2$F206952 $H138092 $82 941 1 $a9 996 $6020$a979-12-205-0389-1*$9(OLS)http://pul/number/170540 996 $6082$a945.803$9(OLS)http://pul/classification/3609 996 $6245$aTrittico siciliano :$bdiritto, religione e sovranità nel Regno di Sicilia in età normanno-sveva$9(OLS)http://pul/title/219527 996 $6260$aCosenza :$bPellegrini$9(OLS)http://pul/publisher/86888